LEADER 01010nam0-2200337---450 001 990009540150403321 005 20190710160945.0 010 $a978-3-906166-98-8 035 $a000954015 035 $aFED01000954015 035 $a(Aleph)000954015FED01 035 $a000954015 100 $a20120308d2011----km-y0itay50------ba 101 0 $aeng 102 $aLI 105 $aa-------001yy 200 1 $aMonographic plant systematics$efundamental assessment of plant biodiversity$fedited by Tod F. Stuessy and H. Walter Lack 210 $aRuggell$cGantner Verlag KG$dc2011 215 $aIX, 222 p.$cill.$d25 cm 225 1 $aRegnum Vegetabile$v153 610 0 $aPiante$aClassificazioni 676 $a580.12$v23$zita 702 1$aStuessy,$bTod F. 702 1$aLack,$bH. Walter 801 0$aIT$bUNINA$gRICA$2UNIMARC 901 $aBK 912 $a990009540150403321 952 $a60 580.12 STUT 2011$b13744$fFAGBC 959 $aFAGBC 996 $aMonographic plant systematics$9854838 997 $aUNINA LEADER 02496oam 22006614a 450 001 9910552763303321 005 20231130193352.0 010 $a9781501736926 010 $a1501736922 010 $a9781501736933 010 $a1501736930 024 7 $a10.7591/9781501736933 035 $a(CKB)4100000008152836 035 $a(MiAaPQ)EBC5763934 035 $a(OCoLC)1091238886 035 $a(MdBmJHUP)muse74557 035 $a(DE-B1597)527378 035 $a(DE-B1597)9781501736933 035 $a(oapen)https://directory.doabooks.org/handle/20.500.12854/90417 035 $a(ScCtBLL)bf2e6c16-9ecc-405f-8cf0-852d243cdb34 035 $a(oapen)doab90417 035 $a(EXLCZ)994100000008152836 100 $a20181012d2019 uy 0 101 0 $aeng 135 $aurcnu|||||||| 181 $ctxt$2rdacontent 182 $cc$2rdamedia 183 $acr$2rdacarrier 200 10$aNarkomania$eDrugs, HIV, and Citizenship in Ukraine /$fby Jennifer J. Carroll 210 $cCornell University Press$d2019 210 1$aIthaca :$cCornell University Press,$d2019. 210 4$dİ2019. 215 $a1 online resource (251 pages) 311 08$a9781501736919 311 08$a1501736914 311 08$a9781501736940 311 08$a1501736949 320 $aIncludes bibliographical references and index. 327 $aHomegrown -- What counts when you're counting -- A deficit of desire -- Star wars and the state -- Drugs of revolution -- Sovereignty and abandonment. 330 $a"Narkomania is an ethnography of addiction treatment in Ukraine, which describes how people who use drugs became pawns in Ukraine's 2014 revolution and the ongoing civil war"--$cProvided by publisher. 606 $aEthnology$zUkraine 606 $aHIV infections$xGovernment policy$zUkraine$xHistory$y21st century 606 $aDrug addicts$xRehabilitation$zUkraine$xHistory$y21st century 606 $aDrug addiction$xTreatment$zUkraine$xHistory$y21st century 607 $aUkraine$xHistory$yRevolution of Dignity, 2013-2014 615 0$aEthnology 615 0$aHIV infections$xGovernment policy$xHistory 615 0$aDrug addicts$xRehabilitation$xHistory 615 0$aDrug addiction$xTreatment$xHistory 676 $a616.86/0609477 700 $aCarroll$b Jennifer J.$f1981-$01214116 712 02$aNEH CARES grant 801 0$bMdBmJHUP 801 1$bMdBmJHUP 906 $aBOOK 912 $a9910552763303321 996 $aNarkomania$92803887 997 $aUNINA